000 00702nam a2200289Ia 4500
005 20260324112834.0
008 008 260324s9999 xx 000 0 eng d
020 _a9781003432203
037 _aEBOOK
040 _aCRL
040 _beng
040 _cCRL
041 _2eng
041 _aeng
084 _qCRL
100 _aChris Hackley
_9997993
245 0 _aQualitative Research in Marketing and Management
245 0 _bDoing Interpretive Research Projects
260 _bTaylor and Francis
260 _c2024
365 _a
365 _b255
856 _uhttp://www.taylorfrancis.com/books/9781003432203
942 _cEBOOK
999 _c1733716
_d1733716